All Upcoming Marvel Movies and Shows (2021) - Statistics

General Stats
  • This quiz has been taken 208 times
  • The average score is 9 of 12
Answer Stats
Hint Answer % Correct
Kate Bishop is in the MCU Hawkeye
88%
Owen Wilson will be in it Loki
85%
T'Challa is Star-Lord...? What If...?
85%
Angelina Jolie is in it The Eternals
84%
Current WandaVision
83%
Sony #3 Spider-Man (3)
79%
Muslim Teenage Girl Ms. Marvel
77%
She's Not Dead?? Black Widow
76%
Zemo Returns!!! Falcon And The Winter Soldier
74%
Iron Man 3 But Better Shang-Chi And The Legend Of The Ten Rings
62%
Sony #1 Venom 2: Let There Be Carnage
54%
Sony #2 Morbius
50%
No matching quizzes found
Score Distribution
Percent of People with Each Score
Percentile by Number Answered
Your Score History
You have not taken this quiz